Đổi mới cơ chế quản lý, giám sát đối với doanh nghiệp nhà nước /

Đã lưu trong:
书目详细资料
主要作者: Phạm Văn Bằng.
格式: Bài viết
语言:Vietnamese
主题:
标签: 添加标签
没有标签, 成为第一个标记此记录!
Thư viện lưu trữ: Thư viện Trường Đại học Đà Lạt
LEADER 00832nam a2200265 4500
001 DLU130148016
005 ##20130527
040 # # |a DLU  |b vie 
041 # # |a vie 
044 # # |a vn 
100 # # |a Phạm Văn Bằng. 
245 # # |a Đổi mới cơ chế quản lý, giám sát đối với doanh nghiệp nhà nước /  |c Phạm Văn Bằng. 
653 # # |a Doanh nghiệp nhà nước 
653 # # |a Quản lí nhà nước 
653 # # |a Sở hữu nhà nước 
773 # # |t Tạp chí Nhà nước và pháp luật   |g Số 1(285), 2012, tr. 23-28 
920 # # |a Phòng Tạp chí -- Trung tâm Thông tin - Thư viện Trường Đại học Đà Lạt 
994 # # |a DLU 
900 # # |a True 
911 # # |a Nguyễn Thị Linh Chi 
925 # # |a G 
926 # # |a A 
927 # # |a BB 
980 # # |a Thư viện Trường Đại học Đà Lạt